000 00925cam a2200217 4500
001 ABS64380
008 010823n2001 000 0 eng u
035 _a(Sirsi) u114312
100 _aFidler, B
245 _aTake responsibility for surveying safely
260 _c2001
490 _aCSM (Chartered Surveyor Monthly)
_v(7&8) July/August 2001, 25-27(3)
520 _aWarns surveyors to assess and reduce their risks when working in unpredictable environments. To assist in this, the Construction Faculty has developed a mind map which provides a useful mental checklist and prompt for deciding where a hazard exists and how best to reduce risk. http://www.ricsonline.org/member_networks/faculty/const/mindmap.pdf
590 _aABS
650 _aSURVEYING
650 _aRISK ASSESSMENT
650 _aHAZARDS
650 _aHEALTH AND SAFETY AT WORK ETC ACT 1974
690 _aHealth and safety
_96244
942 _n0
999 _c68076
_d68076